Design and implementation of six degrees of freedom robotic ARM and study of its forward and inverse kinmatics (Record no. 10212)

000 -LEADER
fixed length control field 00631 a2200157 4500
003 - CONTROL NUMBER IDENTIFIER
control field NUST
038 ## - RECORD CONTENT LICENSOR
Staff Name M Shaban
082 ## - DEWEY DECIMAL CLASSIFICATION NUMBER
Classification number BEE
100 ## - MAIN ENTRY--PERSONAL NAME
Personal name Ahmad Mustafa Hashmi
9 (RLIN) 92114
245 ## - TITLE STATEMENT
Title Design and implementation of six degrees of freedom robotic ARM and study of its forward and inverse kinmatics
Statement of responsibility, etc. Ahmad Mustafa Hashmi
260 ## - PUBLICATION, DISTRIBUTION, ETC.
Place of publication, distribution, etc. Islamabad :
Name of publisher, distributor, etc. NUST School of Electrical Engineering & Computer Science,
Date of publication, distribution, etc. 2010.
300 ## - PHYSICAL DESCRIPTION
Extent 78 p. :
Other physical details ill. ;
Dimensions 27 cm. +
Accompanying material 1CD ROM
500 ## - GENERAL NOTE
General note Supervisors : Mr. Abdul Afram, Mr. Shamyl Bin Mansoor.
856 ## - ELECTRONIC LOCATION AND ACCESS
Uniform Resource Identifier <a href=" http://10.250.8.41:8080/xmlui/handle/123456789/10165"> http://10.250.8.41:8080/xmlui/handle/123456789/10165</a>
942 ## - ADDED ENTRY ELEMENTS (KOHA)
Koha item type Project Report
Call number prefix BEE-3 AHM
Source of classification or shelving scheme
Holdings
Withdrawn status Lost status Source of classification or shelving scheme Damaged status Not for loan Permanent Location Current Location Date acquired Full call number Barcode Date last seen Price effective from Koha item type
WITHDRAWN         Central Library (CL) Central Library (CL) 07/19/2022 BEE-3 AHM SEECSP00880 11/14/2012 11/14/2012 Project Report
© 2023 Central Library, National University of Sciences and Technology. All Rights Reserved.